Dorotéia, a centopéia (Record no. 193177)

MARC details
000 -LÍDER
campo de controle de tamanho fixo 00347 a2200157 4500
001 - NÚMERO DE CONTROLE
campo de controle 193177
020 ## - ISBN - INTERNATIONAL STANDARD BOOK NUMBER
ISBN - International Standard Book Number 978-85-16-06947-6
040 ## - FONTE DA CATALOGAÇÃO
Instituição que transcreveu o registro Magnum
100 ## - ENTRADA PRINCIPAL--NOME PESSOAL
Nome pessoal Machado, Ana Maria
240 10 - TÍTULO UNIFORME
Título uniforme Dorotéia, a centopéia
Idioma da obra por
245 10 - TÍTULO
Título Dorotéia, a centopéia
300 ## - DESCRIÇÃO FÍSICA
Extensão 29
362 0# - DATAS DE PUBLICAÇÃO E/OU DESIGNAÇÃO SEQUENCIAL
Datas de publicação e/ou designação sequencial 2011
697 ## - ENTRADA DE ASSUNTO LOCAL--ENTIDADE COLETIVA (RLIN)
Nome corporativo ou nome da jurisdição LITERATURA INFANTO
942 ## - ELEMENTOS DE ENTRADA ADICIONADOS (KOHA)
Tipo de material Koha Livros
Holdings
Situação do descarte Situação das perdas Situação física Não pode ser emprestado Biblioteca de origem Biblioteca atual Data de aquisição Total de empréstimos Número de chamada completo Código de barras Data de último acesso Data do preço efetivo Tipo de material Koha
        Magnum Magnum 08/06/2024   869.1.1597 MAG00072178 08/06/2024 08/06/2024 Livros
        Magnum Magnum 08/06/2024   869.1.1597 MAG00075223 08/06/2024 08/06/2024 Livros
        Magnum Magnum 08/06/2024   869.1.1597 MAG00075331 08/06/2024 08/06/2024 Livros
        Magnum Magnum 08/06/2024   869.1.1597 MAG00076054 08/06/2024 08/06/2024 Livros